Statistics for Countries, US States, Capitals, Elements, 100 Most Common Words: written with straight lines only

Click here to take the quiz!

General Stats

  • This quiz has been taken 174 times
  • The average score is 24 of 63

Answer Stats

ANSWER % Correct
{A}
93%
{I}
89%
{AN}
75%
{THE}
73%
{IT}
73%
{IN}
67%
{HE}
64%
{AT}
62%
{WHAT}
57%
{ME}
57%
{IF}
54%
{WE}
54%
{MALI}
53%
{THEN}
52%
{THEM}
50%
{WHEN}
50%
{TIN}
48%
{ALL}
48%
{MY}
48%
{THAT}
47%
{HIM}
46%
{THEY}
45%
{LIMA}
41%
{HAVE}
41%
{ITALY}
40%
{VIETNAM}
38%
{HAITI}
37%
{THAN}
37%
{MALE}
36%
{MALAWI}
36%
{WILL}
36%
{ANY}
35%
{YEMEN}
35%
{HAWAII}
33%
{TIME}
30%
{HAVANA}
30%
{MALTA}
30%
{WITH}
30%
{MAKE}
30%
{MAINE}
30%
{WELL}
29%
{AMMAN}
29%
{MANAMA}
28%
{EVEN}
28%
{KENYA}
28%
{VIENNA}
27%
{LATVIA}
27%
{TAIWAN}
27%
{TAKE}
26%
{NEW}
24%
{LIKE}
23%
{THINK}
23%
{WANT}
22%
{WAY}
21%
{KIEV}
21%
{VIENTIANE}
20%
{VALLETTA}
20%
{HELENA}
18%
{MANILA}
18%
{TALLINN}
17%
{ATLANTA}
17%
{NIAMEY}
11%
{TANZANIA}
11%

Score Distribution

Percentile by Number Answered

Percent of People with Each Score

Your Score History

You have not taken this quiz